WWE 2k23 2K Showcase Matches - Statistics

General Stats
  • This quiz has been taken 167 times
  • The average score is 29 of 32
Answer Stats
Event Wreslter % Correct
One Night Stand 2006 John Cena
97%
Smackdown 2002 John Cena
97%
Vengeance 2003 John Cena
97%
WrestleMania 34 John Cena
97%
Night of Champions 2008 John Cena
97%
SummerSlam 2016 John Cena
97%
SummerSlam 2006 John Cena
97%
New Year's Revolution 2006 John Cena
97%
SummerSlam 2021 John Cena
97%
WrestleMania 28 John Cena
97%
SummerSlam 2014 John Cena
97%
Backlash 2003 John Cena
97%
SummerSlam 2008 John Cena
97%
Hell in a Cell 2009 John Cena
97%
Wrestlemania 38 John Cena
97%
SummerSlam 2021 Roman Reigns
96%
Vengeance 2003 The Undertaker
96%
WrestleMania 34 The Undertaker
96%
SummerSlam 2014 Brock Lesnar
94%
Backlash 2003 Brock Lesnar
94%
Hell in a Cell 2009 Randy Orton
92%
WrestleMania 28 The Rock
92%
Night of Champions 2008 Triple H
92%
SummerSlam 2006 Edge
90%
New Year's Revolution 2006 Edge
90%
One Night Stand 2006 Rob Van Dam
90%
SummerSlam 2016 AJ Styles
88%
Smackdown 2002 Kurt Angle
85%
Raw Super Cena
85%
SummerSlam 2008 Batista
75%
Wrestlemania 38 Hulk Hogan
63%
Wrestlemania 38 Bruno Sammartino
51%
No matching quizzes found
Score Distribution
Percent of People with Each Score
Percentile by Number Answered
Your Score History
You have not taken this quiz